[Event "RUS-ch"]
[Site "Krasnodar"]
[Date "2002.09.01"]
[Round "6"]
[White "Riazantsev, Alexander"]
[Black "Nevostrujev, Vladimir"]
[Result "0-1"]
[WhiteElo "2537"]
[BlackElo "2502"]
[Annotator "Hazai,L"]
[PlyCount "44"]
[EventDate "2002.08.27"]
[EventType "swiss"]
[EventRounds "9"]
[EventCountry "RUS"]
[SourceTitle "CBM 091"]
[Source "ChessBase"]
[SourceDate "2002.11.12"]
[SourceVersion "1"]
[SourceVersionDate "2002.11.12"]
[SourceQuality "1"]

1. d4 Nf6 2. c4 g6 3. Nc3 Bg7 4. Bg5 c5 5. d5 b5 $5 {If Black wants to make
profit from White's move order omitting 4.Nf3, this is the way to do that. Now
a Benko Gambit type of position will arise, where an early Bg5 is not so
effective for White.} 6. cxb5 (6. Nxb5 {is strongly met by} Ne4 $1 {for
example:} 7. d6 $2 Nxg5 8. Nc7+ Kf8 9. Qd5 Nc6 10. Nxa8 Qa5+ $17) 6... a6 7. e3
(7. b6 $143 Qxb6 {White has avoided the opening of the a <->, but he has no
extra P.} 8. Qd2 O-O 9. Nf3 e6 $1 {Black has to blow up the [+] as soon as
possible.} 10. e4 exd5 11. exd5 d6 {>< d5 may become a target.} 12. Be2 Bf5 13.
Rd1 Ne4 14. Nxe4 Bxe4 $36 {Konev-Salinnikov, Tomsk 2002}) (7. bxa6 $143 Bxa6 {
A58} 8. e4 Bxf1 9. Kxf1 d6 {This is a very good variation of the Benko Gambit
for Black even without the silly B on g5.} 10. h3 O-O 11. Qd2 Nbd7 12. Bh6 Bxh6
13. Qxh6 Qb6 14. Qd2 Rfb8 $44 {Burwick-Nataf, Stockholm 1998}) (7. e4 $5 axb5 (
7... d6 $2 8. a4 $16) 8. e5 $1 (8. Bxb5 {is certainly met by the standard
counterblow} Nxe4 9. Nxe4 Qa5+ 10. Nc3 Bxc3+ 11. bxc3 Qxb5 $13) 8... b4 9. exf6
exf6 10. Bd2 (10. Qe2+ Kf8 (10... Qe7 $2 11. Nb5 $18) 11. Bd2 {- 10.Bd2}) 10...
bxc3 11. Qe2+ Kf8 (11... Qe7 12. Bxc3 Bb7 13. Qxe7+ Kxe7 14. Bc4 $14) 12. Bxc3
Ba6 $13 {with big complications.}) 7... Qa5 8. Qd2 O-O 9. bxa6 $6 {This only
helps for Black to grab the |^.} (9. Nf3 d6 (9... axb5 {is too early, White
has problems with the development of his B.} 10. Bxb5 h6 (10... Nxd5 11. Nxd5
Qxb5 12. Bxe7 $16) 11. Bh4 d6 12. O-O $14) 10. a4 Nbd7 11. Be2 (11. Ra3 Qb4 $44
) 11... h6 12. Bh4 g5 13. Bg3 Nb6 $44 {with good counterchances on both flanks!
}) 9... e6 (9... Bxa6 {was also thematic exchanging the light-squared B and
fight against >< c4 or even >< d3.} 10. Bxa6 Nxa6 (10... Qxa6)) 10. dxe6 $6 {
White again helps for Black with unnecessary exchanges.} (10. Bxf6 Bxf6 11. Ne4
Qxd2+ 12. Kxd2 Bxb2 13. Rb1 exd5 14. Nxc5 Ba3 $13) (10. Bc4 $5) 10... dxe6 11.
Ne4 $6 {[#] This was probably the "refutation"?!} (11. Bxf6 Bxf6 12. Ne4 Qxd2+
13. Kxd2 Bxb2 14. Rb1 Ba3 $13) 11... Nxe4 $3 {[%mdl 512] A blow from the blue!
Black sacrifices his Q for a long-lasting ->. The consequences cannot be
checked during a practical game, but it is very difficult to defend White's
position.} (11... Qxd2+ 12. Nxd2 Nxa6) 12. Qxa5 Bxb2 {[#]} 13. Ne2 $6 {Now
White has even more serious problems with his development.} (13. Bf6 $5 {
is a phantastic counterblow suggested by Fritz (whoelse?!), but Black has
still good practical chances, for example:} Bxf6 14. Rc1 Bxa6 15. Bd3 (15. Qa4
Bc3+ 16. Rxc3 Nxc3 17. Qc2 Nd5 $44) (15. Nf3 Bd8 16. Qa3 Bb7 17. Qb2 Ba5+ $40)
15... Nc6 16. Qa3 Bc3+ 17. Rxc3 Bxd3 18. Rxd3 Rxa3 19. Rxa3 Nb4 $44) (13. Bd3
Bc3+ 14. Qxc3 Nxc3 $13 {is also rather messy.}) 13... Bxa1 14. Bh6 Bxa6 (14...
Nc6 {looks even more precise :} 15. Qc7 Nb4 16. Bxf8 Bxa6 {- 14...Bxa6}) 15.
Bxf8 (15. Qa4 $5) 15... Nc6 16. Qc7 (16. Qb6 Nb4 $40) 16... Nb4 17. Bh6 (17.
Bd6 Nd3+ 18. Kd1 Ndxf2+ $40) 17... Be5 $1 $19 {and the white K is doomed in
the middle.} 18. Qd7 (18. Qb6 Nd3+ 19. Kd1 Rb8 $19) 18... Nd3+ 19. Kd1 Rb8 20.
Nd4 Rb1+ 21. Ke2 Ne1+ 22. Nb5 Nc3+ {A brilliant attacking game!} 0-1

[Event "Wenzhou m"]
[Site "Wenzhou"]
[Date "2018.08.11"]
[Round "1"]
[White "Topalov, Veselin"]
[Black "Ding, Liren"]
[Result "0-1"]
[WhiteElo "2747"]
[BlackElo "2797"]
[Annotator "Szabo,Kr"]
[PlyCount "112"]
[EventDate "2018.08.11"]
[EventType "match"]
[EventRounds "4"]
[EventCountry "CHN"]
[SourceTitle "CBM 186"]
[Source "ChessBase"]
[SourceDate "2018.09.14"]
[SourceVersion "1"]
[SourceVersionDate "2018.09.14"]
[SourceQuality "1"]

1. d4 Nf6 2. c4 g6 3. Nf3 Bg7 4. e3 O-O 5. Be2 d6 6. Nc3 Bf5 {This is a
typical move in the King's Indian. The B controls the important b1-h7 diagonal.
However on f5 the B can be attackable too.} (6... Nbd7 {is the most popular
move.}) ({Recently Carlsen played} 6... Nc6 7. d5 Nb4 8. a3 Na6 9. Nd4 e5 10.
dxe6 fxe6 11. O-O e5 12. Nb3 c6 13. e4 (13. Nd2 $5) 13... Nc7 14. f4 Ne6 15. f5
Nd4 16. Be3 Nxe2+ 17. Qxe2 gxf5 18. exf5 d5 $36 {Caruana-Carlsen, Karlsruhe/
Baden-Baden 2018, with a promising middlegame for Black..}) 7. Qb3 {White
immediately tries to exploit the fact that the B is not protecting the b7-pawn.
} (7. O-O {is a more popular move, Ding Liren has also played it with White,}
a5 8. d5 Na6 9. Nd4 Bd7 10. e4 Nc5 11. f3 e5 12. dxe6 fxe6 13. Be3 Nh5 14. g3
e5 15. Ndb5 Bh3 16. Rf2 Rf7 $13 {Ding Liren-Vachier Lagrave, Stavanger 2018,
with a double-edged fight.}) 7... b6 8. d5 {White has gained some space and he
prepares for Nd4.} ({The natural} 8. O-O {was also possible.}) 8... a5 9. Nd4
Bd7 10. O-O Na6 11. Qd1 Nc5 (11... e5 $5 {was also an interesting option,} 12.
dxe6 fxe6 13. Bf3 Rb8 14. Nc6 Bxc6 15. Bxc6 Qe7 $13 {and White has the bishop
pair, but Black is active, his pawn structure is flexible.}) 12. Bf3 Rc8 {
A prophylactic move, Black prepares for ...e5, but first he goes out the
diagonal of the f3-B.} 13. a3 e5 $1 14. dxe6 Nxe6 (14... fxe6 $6 {could have
been met by} 15. b4 $1 $36 {and the N doesn't have a good place.}) 15. Re1 (15.
b3 {was the alternative move.}) 15... Nxd4 $6 {I think this is an inaccuracy,
because White can open the e-file, improve his structure and open the diagonal
of the c1-B.} ({Black should keep the tension with} 15... h5 $13 {and the
position is unclear.}) 16. exd4 Re8 17. Be3 $1 {The most ambitious reply,
White avoids the exchange of the Rs.} Be6 {Black provokes the d5 to close the
centre.} 18. d5 Bd7 (18... Bf5 {is more natural for me, however} 19. g4 $5 {
can be interesting,} Be4 (19... Bd7 20. g5) 20. Bg5 Bxf3 21. Qxf3 Rxe1+ 22.
Rxe1 h6 $11 {with equalizing.}) 19. h3 {A useful move, White opens the back
rank and controls the g4-square.} ({For example:} 19. Qd2 Bg4 $1 {and Black is
OK.}) 19... Re7 20. Qd2 Qf8 21. Bd4 (21. b4 $14 {was the straightforward move
and White plays for c5.}) 21... Rce8 (21... Bh6 $5 {was a little bit more
accurate,} 22. Qc2 Rxe1+ 23. Rxe1 Re8 {and Black is closer to equalising.}) 22.
Rxe7 Qxe7 23. b4 h5 ({Opening of the a-file with} 23... axb4 $6 {is only
helpful for White, as} 24. axb4 $14 {and Ra7 can be unpleasant for Black.}) 24.
bxa5 bxa5 25. Rc1 {A prophylactic move, White prepares for Nb5 or sometimes c5
and the R will be useful on the c-file.} ({The logical} 25. Rb1 {to gain the
b-file could have been met by} Bf5 {and the R shouldn't leave the 1st rank,
because of ...Qe1.}) 25... Kh7 {A very tempting move, Black prepares for ...
Bh6, however it is not the most accurate.} (25... Nh7 $1 {was the precise
reaction,} 26. Be3 Qh4 27. Nb5 Re5 $1 $132 {with a complicated position.}) 26.
Be3 (26. Nb5 $2 {is bad, as} Bh6 {.}) 26... a4 27. Bf4 ({In the event of} 27.
Nb5 Ne4 $1 28. Bxe4 Qxe4 29. Nxc7 Rb8 $44 {with a good compensation for the P.}
) 27... Bf5 28. Nb5 $1 {The correct reply!} ({The greedy} 28. Nxa4 {could have
been met by} Ne4 $1 29. Bxe4 Qxe4 $44 {and suddenly Black is very active.})
28... Be4 (28... Ne4 $2 {does not work, because of} 29. Bxe4 Bxe4 (29... Qxe4
30. Nxc7 $16) 30. Re1 $16 {and the pin is unpleasant for Black.}) 29. Re1 Qd7
30. Be2 $1 {A great move! White doesn't exchange, because the the black B on
e4 is attackable.} Bf5 {Of course the B escapes immediately.} 31. Bf1 Ne4 ({
After the exchange of the Rs with} 31... Rxe1 $6 32. Qxe1 $16 {the a4 and
c7-Ps become really weak.}) 32. Qe3 (32. Qa5 $5 {was also possible,} c6 33.
dxc6 Qxc6 34. Qa7 $36 {and White's chances are better.}) 32... Nf6 33. Qc1 Ne4
34. Re3 $6 ({Of course White doesn't repeat with} 34. Qe3 $11 {,}) ({however} 
34. Re2 $14 {was more accurate with a little advantage for White.}) 34... g5 $1
{Black immediately finds the counterplay.} 35. Bh2 Bh6 {Suddenly Black is
becoming active and threatening ...g4.} 36. g4 {White tries to solve it with a
tactical move.} hxg4 37. hxg4 Bxg4 38. Bd3 ({The fork with} 38. f3 $6 {is
dubious, as} Bxf3 39. Rxf3 g4 40. Rf4 f5 $1 $36 {and White is under pressure.})
38... f5 39. Qe1 Bh5 40. Bxe4 $2 {The decisive mistake, probably in time
pressure!} ({White should have played} 40. Nd4 $13 {with an unclear position.})
40... fxe4 41. Nd4 (41. Rxe4 $2 {does not work because of} Qg4+ $1 $19 {
and Black is winning.}) 41... Bf7 {Black had to avoid the Ne6.} 42. Bg3 (42.
Rxe4 {is also met by} Qg4+ $1 43. Rxg4 Rxe1+ 44. Kg2 Rc1 $17 {and Black has a
good chance to win the endgame.}) 42... Bg7 43. Nb5 Bg6 {Black improves his
pieces. The B-pair is extremely strong.} 44. Qe2 Re7 ({The engine suggests the
smart} 44... Kh6 $1 $19 {followed by ...Bh5.}) 45. f3 Qh3 46. Qh2 (46. fxe4 {
also doesn't help White, as} Bxe4 47. Qh2 Qxh2+ 48. Kxh2 Kg6 $19 {and Black
should be winning.}) 46... Qxh2+ 47. Kxh2 Bb2 $1 $19 {A good move, Black
prepares for ...Bc1 and puts some pressure on a3.} 48. c5 Bc1 49. cxd6 cxd6 50.
Rc3 Bd2 51. Bxd6 Rb7 52. Rc7+ Rxc7 53. Bxc7 exf3 54. Kg3 Be4 55. Bb6 Bxd5 56.
Bf2 Bc1 0-1

[Event "EU-chT (Men) 16th"]
[Site "Heraklion"]
[Date "2007.10.28"]
[Round "1.2"]
[White "Agrest, Evgenij"]
[Black "Morozevich, Alexander"]
[Result "0-1"]
[WhiteElo "2541"]
[BlackElo "2755"]
[Annotator "Krasenkow,M"]
[PlyCount "96"]
[EventDate "2007.10.28"]
[EventType "team-swiss"]
[EventRounds "9"]
[EventCountry "GRE"]
[SourceTitle "CBM 121"]
[Source "ChessBase"]
[SourceDate "2007.11.14"]
[SourceVersion "1"]
[SourceVersionDate "2007.11.14"]
[SourceQuality "1"]
[WhiteTeam "Sweden"]
[BlackTeam "Russia"]
[WhiteTeamCountry "SWE"]
[BlackTeamCountry "RUS"]

1. Nf3 Nf6 2. c4 g6 3. Nc3 Bg7 4. d4 d6 5. Bg5 h6 6. Bh4 g5 7. Bg3 Nh5 8. e3 e6
9. Be2 Nd7 10. Qd3 {A curious move introduced by GM Vlado Kovacevic.} (10. Nd2)
(10. Qc2) 10... f5 11. Nd2 Ndf6 $1 (11... Nxg3 $143 12. hxg3 O-O 13. g4 $1 Nf6
14. gxf5 exf5 15. O-O-O c6 16. f3 a6 $5 (16... d5 17. cxd5 Nxd5 18. g4 $40 f4
$6 (18... fxg4 $142) 19. Nxd5 Qxd5 20. Rxh6 $1 $18 {1-0 Kovacevic,V-Thipsay,P/
Thessaloniki 1988/TD(25)}) 17. Rdg1 (17. Nf1 $5 $36 {/\ Ng3, Kovacevic,Vlado})
17... b5 18. Bd1 Rb8 19. Bb3 Kh8 20. g4 Qb6 21. Bc2 Be6 22. gxf5 $2 (22. d5 $1
$36) 22... Bxc4 23. Nxc4 bxc4 24. Qxc4 Qxb2+ 25. Kd2 c5 26. Rb1 Qa3 27. Rxb8
Rxb8 28. dxc5 d5 29. Qd3 Qxc5 30. Kd1 Rd8 31. Ke2 Qa5 32. Kd1 Ne4 {0-1
Radulski,J-Dimitrov,V/Mataruska Banja 1996/EXT 1999}) 12. O-O-O O-O $6 {
Too early. The black king will be unsafe here.} (12... Qe7 {(delaying castling)
is more flexible:} 13. f4 Bd7 14. e4 Nxf4 15. Bxf4 fxe4 16. Ndxe4 gxf4 17. Rhf1
O-O-O 18. Rxf4 Nxe4 19. Qxe4 Rdf8 20. Rg4 Kb8 21. Rg3 h5 22. Kb1 h4 23. Rgd3
Bc6 24. d5 Be8 $15 {1/2-1/2 Lund,C-Polevoy,N/IECG 2002/Telechess CBM 105 (52)})
13. f4 $1 Qe7 14. fxg5 hxg5 15. Bf2 {[%cal Yh2h3,Yg2g4]} (15. e4 {looks
logical but I guess White was not sure about} Nf4 16. Bxf4 gxf4 17. Rhf1 (17.
exf5 exf5 18. Rdf1 Qe3) 17... fxe4 18. Ndxe4 Nxe4 19. Qxe4 Qg5) (15. Be1 $5 {
deserved attention. This bishop can then move to c3 (or even b4) and the
d1-rook must remain there anyway as the d-file will now be opened up.}) 15...
e5 16. dxe5 dxe5 17. h3 (17. Nd5 Nxd5 18. Qxd5+ Be6 19. Qxb7 Nf6 {[%csl Rc1]
is not too attractive.}) 17... e4 18. Qc2 Qe5 19. c5 $5 {[%cal Ya2g8]} Be6 $1 (
19... Qxc5 $2 20. g4 $1 fxg4 21. hxg4 Bxg4 22. Bxg4 Nxg4 23. Ndxe4 $18) 20. Nb3
$1 {[%cal Yb3d4] Correct!} (20. g4 {led to an unclear position after} fxg4 21.
hxg4 Bxg4 $1 (21... Nxg4 $143 22. Rxh5 (22. Nc4) 22... Rxf2 (22... Nxf2 23. Rg1
) 23. Qxe4 $1 (23. Ndxe4 $2 Nxe3) 23... Rxe2 $1 (23... Rf7 $6 24. Rg1) 24. Qxe5
Nxe5 25. Nxe2 Bxa2 26. Rg1) 22. Bc4+ Be6 23. Bxe6+ (23. Ncxe4 Bxc4 24. Qxc4+
Rf7) 23... Qxe6 24. Ndxe4 Nxe4 25. Nxe4 Nf6 $1 26. Nxg5 Qxa2) (20. Bc4 {
is possible, too (although hardly better than the text).} Bxc4 21. Nxc4 Qxc5 {
is still risky due to} 22. Qb3 {[%cal Yg2g4]}) 20... Ng3 (20... Nf4 $6 21. exf4
Qxf4+ 22. Kb1 Qxf2 23. Nd4 {[%cal Yh1f1]}) 21. Bxg3 Qxg3 22. Nd4 Bd7 (22...
Qxe3+ 23. Kb1 Bf7 (23... Bd7 24. g4 $1 f4 25. h4 $1) 24. Ncb5 $1 (24. Nxf5 $143
Qxc5) 24... Qg3 25. Nxf5 Qe5 26. g4 $16 {[%csl Gf5]}) 23. Kb1 Rae8 24. Bc4+ {
White starts losing the thread in the complications.} (24. Bb5 $142 $1 c6 (
24... Bxb5 25. Qb3+ Kh8 26. Ncxb5 $16 {[%csl Rf5][%cal Yh3h4]}) 25. Qb3+ Kh7
26. Nce2 Qe5 27. h4 $1 g4 28. Bc4 $16 {[%csl Rf5]}) 24... Kh8 25. Nce2 $6 {
There was no need to give up the e3-pawn.} (25. Qd2 $142 $16 {[%cal Yh3h4,
Yc3e2]}) 25... Qxe3 26. g4 {This is not as strong now as it was before.} Nh7 $1
27. h4 gxh4 (27... fxg4 28. hxg5 Qxg5 29. Ng3 $44) 28. gxf5 Bf6 (28... Bxf5 29.
Nxf5 Rxf5 30. Rxh4 Bf6 $13 {was perhaps better.}) 29. Ne6 (29. Be6 $142 Rd8 (
29... Bxe6 $2 30. Nxe6 Rf7 31. N2f4) 30. Bxd7 Rxd7 31. Ne6 Rxd1+ 32. Qxd1 Rg8
$1 33. N2f4 Qf2 34. Qc1 e3 35. Rf1 (35. Ng6+ Rxg6 36. fxg6 Qf5+ 37. Qc2 Qxe6
38. gxh7 h3 $132) 35... Qg3 36. Ng6+ Rxg6 37. fxg6 Qxg6+ 38. Qc2 Qg4 {although
it is not easy for White to bring home his material advantage.}) 29... Bxe6 30.
fxe6 Rd8 31. Bd5 (31. Rd7 $6 Rxd7 32. exd7 Rd8 33. Be6 Nf8) 31... c6 32. Qxe4
$4 {[%mdl 16384] A terrible mistake. In the endgame Black's h3-pawn becomes a
decisive factor. The position was still unclear after} (32. Bxe4 $142 $13)
32... Qxe4+ 33. Bxe4 Rxd1+ 34. Rxd1 Ng5 35. Bf5 Be7 36. Bg4 Rf2 37. Nc1 $2 (37.
Rd7 {was more stubborn. Black's way to a win was really brilliant:} Rg2 $1 (
37... h3 $143 38. Bxh3 $1 Rxe2 39. Rxe7 Nxh3 40. Rxb7) 38. Bf5 (38. Rxe7 Rxg4
$19 {[%csl Gh4]}) (38. Bh5 $2 h3 $19) 38... Kg7 $3 39. Rxe7+ Kf6 40. Rxb7 Rxe2
$19) 37... Rf4 $1 38. Be2 Re4 39. Rh1 Nxe6 {White loses two pawns and the game.
} 40. Bd3 Re3 41. b4 Nd4 42. Bc4 Kg7 43. Nd3 Nf3 44. Rd1 h3 45. Nf2 h2 46. Rd7
Kf8 47. Rd1 Bh4 48. Nh1 Nd2+ 0-1

[Event "Tashkent FIDE GP"]
[Site "Tashkent"]
[Date "2014.10.23"]
[Round "3"]
[White "Mamedyarov, Shakhriyar"]
[Black "Gelfand, Boris"]
[Result "1-0"]
[WhiteElo "2764"]
[BlackElo "2748"]
[Annotator "Szabo,Kr"]
[PlyCount "113"]
[EventDate "2014.10.21"]
[EventType "tourn"]
[EventRounds "11"]
[EventCountry "UZB"]
[EventCategory "21"]
[SourceTitle "CBM 163"]
[Source "ChessBase"]
[SourceDate "2014.11.11"]
[SourceVersion "1"]
[SourceVersionDate "2014.11.11"]
[SourceQuality "1"]

1. d4 Nf6 2. c4 g6 3. Nf3 Bg7 4. e3 O-O 5. Be2 c5 6. d5 d6 7. O-O e6 8. Nc3
exd5 ({Recently Gelfand had 2 games with} 8... Re8 9. e4 (9. Nd2 Na6 10. dxe6
Bxe6 11. e4 Nb4 12. Nb3 Nc6 13. Bf4 Nd4 $1 $132 {with a double-edged fight,
Svidler-Gelfand, Jerusalem rapid 2014.}) 9... exd5 10. exd5 Bf5 11. Bd3 Bxd3
12. Qxd3 Nbd7 13. Bf4 Qb6 14. b3 a6 15. h3 $14 {and White has a comfortable
position, later he managed to win, Mamedyarov-Gelfand, Baku 2014.}) 9. cxd5 Bg4
(9... Re8 {is a more common move.}) 10. e4 $146 {A novelty by Mamedyarov. The
position is transposing to a line of the Benoni, but Black has an extra tempo.}
({8 month ago Anand played} 10. h3 Bxf3 11. Bxf3 Na6 12. Bd2 Rc8 13. Qb3 c4 14.
Qxb7 Nc5 15. Qb4 Rb8 16. Qa3 Rb6 17. Rab1 Qb8 18. Na4 Ra6 19. b3 Nfe4 20. Bxe4
(20. Bb4 $5) 20... Nxe4 $132 {and Black has great compensation for the pawn,
Anand-Ragger, Solingen 2014.}) 10... Re8 11. Qc2 Nbd7 12. Bf4 Bxf3 (12... Qe7
$1 {was more natural, hitting the P on e4 and defending d6.} 13. Rfe1 a6 (13...
Nxe4 14. Bb5 $1 Bf5 15. Nxe4 Bxe4 16. Qd2 Qd8 17. Ng5 Bf5 18. Rxe8+ Qxe8 19.
Bxd6 Qd8 $13 {with a complicated position.}) 14. h3 (14. a4 Nxe4 $1 {Black has
prevented Bb5.}) 14... Bxf3 15. Bxf3 c4 {followed by Nc5 and b5, Black looks
nicely placed.}) 13. Bxf3 Ne5 14. Be2 a6 15. a4 Rc8 (15... Qa5 $5 {was an
interesting alternative, because sometimes the b4-square can be a good base
for the Q.} 16. Bd2 c4 $13 {with a balanced game.}) 16. Rae1 $6 {This is a
very logical reaction, because for White's main plan by f4, e5 the R is very
useful on e1. On the other hand, the R leaves the queenside, which he will
regret in the next move.} (16. a5 c4 $13) 16... Qb6 $6 (16... Qa5 $5) ({or} 
16... c4 {was more accurate, because the Q can be attackable on b6.}) 17. Ra1
c4 ({Still} 17... Qa5 $5 {was a good reply to avoid White's a5.}) 18. a5 $1 {
An important move. White has gained some space on the queenside and Black has
to leave with his queen.} Qd8 19. Be3 Nfd7 20. Na4 $1 h5 ({The engine suggests
} 20... Qh4 $5 {. Suddenly the queen starts to play on the kingside; Black
prepares for ...Nd3 or ...Ng4.}) 21. h3 Qe7 22. Rac1 Kh7 $2 {A logical idea,
sometimes Black can play for Bh6 to try to exchange the dark squared Bs.} (
22... Nd3 $1 {was correct} 23. Bxd3 cxd3 24. Qxd3 Rxc1 25. Rxc1 Qxe4 {and
Black has good drawing chances.}) 23. b3 $1 cxb3 24. Qxb3 {Now White has a
very comfortable position, as the b-file is opened, Black's b7-pawn is weak.}
Nf6 25. Qb4 (25. f3 {is the computer move, but in a practical game White could
be afraid of the dark squares weakness.}) 25... Rxc1 26. Rxc1 Bh6 27. Bxh6 Kxh6
28. Nb6 Ned7 29. Nxd7 Nxd7 30. Qxb7 Nc5 31. Qxe7 $6 {In a practical game this
is a logical decision, but objectively not the best.} (31. Qb6 $1 {was
stronger, but it leads to complications by} Qxe4 32. Qxd6 Qxe2 (32... Nb3 33.
Bf3 Qe7 34. Qxe7 Rxe7 35. d6 Rd7 36. Rc6 Nxa5 37. Rc5 $1 (37. Rxa6 $2 Nc4 $11 {
and draw.}) 37... Nb3 38. Rd5 $1 {and now the N is in a big trouble. For
example:} Nc1 (38... Kg7 39. Be2 a5 40. Bb5 Rd8 41. Ba4 Nc1 42. Rd2 Kf6 43. d7
$18 {and the N is trapped, White will play Kf1-e1-d1.}) 39. Bd1 $1 Na2 40. Ba4
Rd8 41. Rd3 Nb4 42. Rd2 a5 43. d7 Kg7 44. Re2 $18 {followed by Re8 and White
wins.}) 33. Qf4+ $1 {An important intermediate check.} (33. Qxc5 Qd2 34. Rc4
Rd8 {and still not so easy for White.}) 33... Kg7 34. Qd4+ $16 {and now
White's Q is also active, he is better.}) 31... Rxe7 32. f3 {White has an
extra P, but Black is very fast on the kingside; he can create some
counterplay.} f5 $1 {The best move. Gelfand immediately finds the counterplay;
now White has to sacrifice the e4 P and he should activate his R on b6.} 33.
Rb1 fxe4 34. Rb6 exf3 35. Bxf3 Rd7 36. Kf2 (36. Be2 {is not enough} Kg5 37.
Bxa6 Nxa6 ({or} 37... Ra7) 38. Rxa6 Kf5 39. Kf2 Ke5 {should be an equal R
endgame.}) 36... Kg5 37. Ke3 Kf6 38. Kd4 Rd8 39. Be2 Ke7 40. Rc6 Rb8 41. Rc7+
Kf6 42. Rxc5 $5 {A very ambitious sacrifice by Mamedyarov. White removes the
strong c5 N, because he gets a P and the a6 is also weak. On the other hand
Black's R is active, so he should hold the position.} dxc5+ 43. Kxc5 Rc8+ 44.
Kb6 Ke5 45. Bxa6 Rc2 46. Bf1 Rf2 (46... Kd6 47. a6 Rb2+ 48. Bb5 {transposes to
the next comment.}) 47. Bc4 Rxg2 $4 {The decisive mistake.} (47... Kd6 $1 {
was the only move,} 48. a6 Rb2+ 49. Bb5 Rxg2 50. a7 (50. h4 Ra2 $1 51. a7 Rxa7
$1 52. Kxa7 Kxd5 $11 {with a draw, because of the bad corner.}) 50... Ra2 51.
Ba6 (51. Bc6 g5 {and Black has counterplay on the other side.}) 51... Rb2+ 52.
Bb5 $11 (52. Ka5 $4 Kc5 $1 $19 {and suddenly Black wins.})) 48. a6 $18 {
Now Black can't save the game.} Rf2 ({Now} 48... Kd6 {is too late, because of}
49. a7 Rb2+ 50. Ka5 $1 {and the B is very good on c4.} Rb1 51. Bb5 $18) 49. Kc5
Rf8 50. Bb5 Ra8 51. d6 Ke6 52. h4 $1 g5 53. hxg5 h4 54. d7 Ke7 55. g6 h3 56. g7
h2 57. Bc6 1-0